000 00800nam a2200241Ia 4500
003 OSt
005 20220925223906.0
006 a|||||r|||| 00| 0
007 ta
008 220923b |||||||| |||| 00| 0 eng d
020 _a9781857437126
_c10931
037 _bBBS/0144, 14/03/2014, Better Book Service
_cGeneral Book
040 _aRTL
_cRTL
_beng
041 _2eng
_aeng
082 _aY15-9(W6).461.P, Q4
100 _aOLIMAT Muhamad S.
_9290478
245 0 _aHandbook of arab women and arab spring
_b Challenges and opportunities
260 _aLondon
_bRoutledge
_c2014
300 _axvii, 212p
_ccm.
650 _aGeography
942 _hY15-9(W6).461.P, Q4
_cGB
_2CC
999 _c580591
_d580591